[Event "East Greenbush op"]
[Site "East Greenbush"]
[Date "2003.11.15"]
[Round "1"]
[White "Bikowitz, Walter L"]
[Black "Battes, Lee T"]
[Result "0-1"]
[WhiteElo "1467"]
[BlackElo "2020"]
[PlyCount "120"]
[EventDate "2003.11.15"]
[EventType "swiss"]
[EventRounds "4"]
[EventCountry "USA"]
[SourceTitle "EXT 2008"]
[Source "ChessBase"]
[SourceDate "2007.11.25"]
[SourceVersion "1"]
[SourceVersionDate "2007.11.25"]
[SourceQuality "1"]

1. d4 Nf6 2. Nf3 g6 3. Bg5 Bg7 4. Nbd2 d5 5. c3 0-0 6. e3 b6 7. Bd3 Bb7 8. Qc2 c5 9. b3 Nc6 10. 0-0 Rc8 11. Qd1 cxd4 12. exd4 Qd6 13. h3 e5 14. dxe5 Nxe5 15. Nxe5 Qxe5 16. Bxf6 Qxf6 17. Rc1 Rxc3 18. Rxc3 Qxc3 19. Qe2 Qc8 20. Nf3 Re8 21. Qc2 Qxc2 22. Bxc2 Re2 23. Bb1 Bc3 24. Rc1 d4 25. Rd1 f5 26. Kf1 Ba6 27. Bd3 Bxd3 28. Rxd3 Rxa2 29. Nxd4 Ra1+ 30. Ke2 Ra2+ 31. Kf1 Ra1+ 32. Ke2 Re1+ 33. Kf3 Bxd4 34. Rxd4 Kf7 35. h4 Re7 36. Kf4 h6 37. g4 fxg4 38. Kxg4 a5 39. Kf3 Re6 40. Kf4 Rf6+ 41. Ke3 Ke6 42. Rd8 Kf5 43. Rd4 Re6+ 44. Kd3 Ke5 45. Re4+ Kd5 46. Rd4+ Kc5 47. Rc4+ Kb5 48. Rd4 Rc6 49. Re4 Ka6 50. f3 b5 51. Rd4 Rf6 52. Ke3 Kb6 53. Rd8 Kc5 54. Rd4 Re6+ 55. Kd3 Rd6 56. Rxd6 Kxd6 57. Kd4 a4 58. bxa4 bxa4 59. f4 Ke6 60. Kc4 Kf5 0-1

[Event "East Greenbush op"]
[Site "East Greenbush"]
[Date "2003.11.15"]
[Round "2"]
[White "Logan, James C"]
[Black "Bikowitz, Walter L"]
[Result "0-1"]
[WhiteElo "1249"]
[BlackElo "1483"]
[PlyCount "100"]
[EventDate "2003.11.15"]
[EventType "swiss"]
[EventRounds "4"]
[EventCountry "USA"]
[SourceTitle "EXT 2008"]
[Source "ChessBase"]
[SourceDate "2007.11.25"]
[SourceVersion "1"]
[SourceVersionDate "2007.11.25"]
[SourceQuality "1"]

1. d4 Nf6 2. c4 d6 3. Nc3 g6 4. e4 Bg7 5. f4 0-0 6. Nf3 Bg4 7. Be2 Nbd7 8. 0-0 c5 9. d5 a6 10. h3 Bxf3 11. Bxf3 Qc7 12. a4 Rac8 13. Qb3 Kh8 14. Be3 b6 15. Rfe1 Rfe8 16. Ne2 Rb8 17. Qc2 b5 18. b3 bxc4 19. bxc4 Rb6 20. Ng3 Reb8 21. h4 Rb2 22. Qd1 Qa5 23. Re2 Qc3 24. Rc1 Qb3 25. Qxb3 R2xb3 26. f5 Ne5 27. fxg6 fxg6 28. Nf1 Ra3 29. Bf4 Nxf3+ 30. gxf3 Rxf3 31. Rf2 Rxf2 32. Kxf2 Nxe4+ 33. Kf3 Nf6 34. Re1 Rf8 35. Ng3 Rf7 36. Re2 Nd7 37. a5 Be5 38. Re4 Rxf4+ 39. Rxf4 Bxf4 40. Kxf4 Ne5 41. h5 Nxc4 42. hxg6 hxg6 43. Kg5 Kg7 44. Ne2 Nxa5 45. Nf4 c4 46. Nxg6 Nb3 47. Nf4 c3 48. Nd3 c2 49. Kf4 c1Q+ 50. Nxc1 Nxc1 0-1